[Event "Sunway Sitges Open 2017"]
[Site "Sitges ESP"]
[Date "2017.12.18"]
[Round "4.21"]
[White "Stella, Andrea"]
[Black "Sanchez, Louis"]
[Result "1-0"]
[WhiteTitle "GM"]
[BlackTitle "FM"]
[WhiteElo "2505"]
[BlackElo "2290"]
[WhiteFideId "827061"]
[BlackFideId "624225"]
[EventDate "2017.12.15"]

1. d4 d5 2. c4 e6 3. Nc3 Nf6 4. Bg5 Nbd7 5. e3 Be7 6. Nf3 h6 7. Bh4 O-O 8. Rc1
c5 9. dxc5 dxc4 10. c6 bxc6 11. Bxc4 Nd5 12. Bxe7 Qxe7 13. O-O Bb7 14. e4 Nxc3
15. Rxc3 c5 16. Qc2 Rfd8 17. Re1 Bc6 18. Bf1 a5 19. Nd2 a4 20. Nc4 Rdb8 21. Rd1
Bb5 22. Ne3 Bxf1 23. Kxf1 Rb4 24. Nc4 Nb6 25. a3 Rxc4 26. Rxc4 Nxc4 27. Qxc4 Qg5
28. Qc2 Qe5 29. Kg1 Rb8 30. Rd2 Rb3 31. g3 g5 32. h3 Kg7 33. Kg2 h5 34. Qc4 Rxb2
35. Rxb2 Qxb2 36. Qxc5 Kg6 37. h4 gxh4 38. gxh4 f6 39. Qf8 Qb3 40. Qg8+ Kh6 41.
Qf8+ Kg6 42. Qg8+ Kh6 43. Qf7 f5 44. exf5 Qd5+ 45. f3 Qxf5 46. Qxf5 exf5 47. Kf2
Kg7 48. Ke3 Kf7 49. Kd3 Ke7 50. f4 Kd7 51. Kc3 Kc7 52. Kb4 Kd6 53. Kxa4 Kd5 54.
Kb3 Ke4 55. a4 Kxf4 56. a5 Ke3 57. a6 f4 58. a7 f3 59. a8=Q f2 60. Qe8+ Kd2 61.
Qf7 Ke1 62. Qxh5 f1=Q 63. Qa5+ 1-0

[Event "Sunway Sitges Open 2017"]
[Site "Sitges ESP"]
[Date "2017.12.18"]
[Round "4.22"]
[White "Rajesh, V A V"]
[Black "Matinian, Nikita"]
[Result "0-1"]
[WhiteTitle "IM"]
[BlackTitle "GM"]
[WhiteElo "2334"]
[BlackElo "2499"]
[WhiteFideId "5029317"]
[BlackFideId "24129100"]
[EventDate "2017.12.15"]

1. d4 Nf6 2. c4 g6 3. Nc3 d5 4. Bf4 Bg7 5. Rc1 O-O 6. e3 Be6 7. c5 c6 8. Nf3 Bg4
9. Be2 Nbd7 10. O-O Re8 11. b4 Bxf3 12. Bxf3 e5 13. dxe5 Nxe5 14. Be2 b5 15.
cxb6 axb6 16. Qb3 b5 17. a4 bxa4 18. Nxa4 Ne4 19. Rc2 Nc4 20. Rd1 Qh4 21. Bg3
Qf6 22. Bxc4 dxc4 23. Rxc4 h5 24. Nc5 Nc3 25. Re1 Ra2 26. Kf1 Rea8 27. Ne4 Qf5
28. Nxc3 Qd3+ 29. Kg1 Ra1 30. f3 Qxe3+ 31. Kf1 Rxe1+ 32. Bxe1 Ra1 0-1

[Event "Sunway Sitges Open 2017"]
[Site "Sitges ESP"]
[Date "2017.12.18"]
[Round "4.23"]
[White "Romanishin, Oleg M"]
[Black "Miroshnichenko, Pavel"]
[Result "1-0"]
[WhiteTitle "GM"]
[BlackTitle "FM"]
[WhiteElo "2458"]
[BlackElo "2287"]
[WhiteFideId "14100088"]
[BlackFideId "4188659"]
[EventDate "2017.12.15"]

1. Nf3 Nf6 2. g3 c5 3. Bg2 Nc6 4. O-O g6 5. c3 e5 6. e4 d6 7. d4 cxd4 8. cxd4
Bg4 9. d5 Ne7 10. Nc3 Bg7 11. Qa4+ Nd7 12. Qa3 Bxf3 13. Bxf3 Nc5 14. Be3 b6 15.
b4 Nd7 16. Nb5 Nf6 17. Rac1 O-O 18. Nc7 Rb8 19. Qxa7 Qd7 20. a4 Ra8 21. Qxb6
Rxa4 22. Qb5 Qxb5 23. Nxb5 Rd8 24. Rc4 Ne8 25. Rb1 f5 26. Nc3 Ra3 27. b5 Rc8 28.
Rxc8 Nxc8 29. Rc1 f4 30. b6 Rb3 31. Bd1 fxe3 32. Bxb3 exf2+ 33. Kxf2 Nxb6 34.
Ra1 Nd7 35. Ra8 Kf7 36. Ra7 Nf6 37. Ba4 Ke7 38. Bxd7 Nxd7 39. Na4 Ke8 40. Nb6
Nxb6 41. Rxg7 Nd7 42. Rxh7 Nf6 43. Rh8+ 1-0

[Event "Sunway Sitges Open 2017"]
[Site "Sitges ESP"]
[Date "2017.12.18"]
[Round "4.24"]
[White "Hejazipour, Mitra"]
[Black "Das, Arghyadip"]
[Result "0-1"]
[WhiteTitle "WGM"]
[BlackTitle "IM"]
[WhiteElo "2317"]
[BlackElo "2451"]
[WhiteFideId "12505951"]
[BlackFideId "5003610"]
[EventDate "2017.12.15"]

1. d4 Nf6 2. c4 e6 3. Nf3 c5 4. d5 exd5 5. cxd5 d6 6. Nc3 g6 7. h3 a6 8. a4 Bg7
9. e4 O-O 10. Bd3 Re8 11. O-O Nbd7 12. Bf4 Qc7 13. Re1 Rb8 14. Rc1 Nh5 15. Be3
Ne5 16. Nxe5 Bxe5 17. Qd2 Qa5 18. g4 Nf6 19. f4 Bxc3 20. Qxc3 Qxc3 21. bxc3 Bd7
22. Bf2 Bxa4 23. c4 Nd7 24. g5 b5 25. Bg3 Bb3 26. e5 Bxc4 27. Bxc4 bxc4 28. Rxc4
Rb3 29. Kg2 Rd3 30. Ra4 Rxd5 31. Rxa6 dxe5 32. fxe5 Nf8 33. Rc1 Rd2+ 34. Kf3 Ne6
35. h4 Rb8 36. Rc3 Kg7 37. Rd6 Ra2 38. Bf2 Rbb2 39. Bxc5 Rh2 40. Be3 Rxh4 41.
Rcd3 Rh1 42. Rd2 Rh3+ 43. Kf2 Ra4 44. Rc6 Re4 45. Rc3 Nxg5 46. Bxg5 Rxc3 47.
Bf6+ Kh6 48. e6 Rf4+ 0-1

[Event "Sunway Sitges Open 2017"]
[Site "Sitges ESP"]
[Date "2017.12.18"]
[Round "4.25"]
[White "Lopez Mulet, Inigo"]
[Black "Yankelevich, Lev"]
[Result "0-1"]
[WhiteTitle "FM"]
[BlackTitle "IM"]
[WhiteElo "2304"]
[BlackElo "2435"]
[WhiteFideId "22235620"]
[BlackFideId "24684074"]
[EventDate "2017.12.15"]

1. d4 Nf6 2. c4 c5 3. d5 b5 4. cxb5 a6 5. e3 g6 6. Nc3 Bg7 7. a4 O-O 8. e4 d6 9.
Bf4 Qa5 10. Qd2 Nbd7 11. Ra3 Qb4 12. f3 axb5 13. Bxb5 Ba6 14. Bxa6 Rxa6 15. Nge2
Rb8 16. Ra2 Ne8 17. O-O Nc7 18. Rb1 Qa5 19. Bh6 Bh8 20. h4 Rab6 21. h5 Rb3 22.
Nd1 Qa6 23. Ne3 Ne5 24. Bg5 Kf8 25. Bh6+ Ke8 26. Nc1 R3b4 27. Qc2 Qa5 28. Nd1
Rd4 29. Nc3 Na6 30. Nb3 Qb6 31. Nb5 Nb4 32. Qf2 Nxa2 33. N3xd4 cxd4 34. Bd2 Nd3
35. Qh4 Bf6 36. Qg3 Nab4 37. f4 Qc5 38. Bxb4 Nxb4 39. e5 Bg7 40. exd6 exd6 41.
f5 d3+ 42. Kh1 Be5 43. Qg5 Qf2 44. fxg6 hxg6 45. hxg6 Kd7 46. g7 d2 47. Qg4+ f5
48. Qxb4 Rc8 49. Nc7 Bxg7 50. Qb5+ Ke7 0-1

[Event "Sunway Sitges Open 2017"]
[Site "Sitges ESP"]
[Date "2017.12.18"]
[Round "4.26"]
[White "Krishna, C R G"]
[Black "Ojas, Kulkarni"]
[Result "1-0"]
[WhiteTitle "IM"]
[WhiteElo "2421"]
[BlackElo "2278"]
[WhiteFideId "5018625"]
[BlackFideId "25040073"]
[EventDate "2017.12.15"]

1. d4 Nf6 2. c4 g6 3. Nf3 Bg7 4. e3 c5 5. d5 e6 6. Nc3 exd5 7. cxd5 d6 8. h3 O-O
9. Bd3 Na6 10. O-O Nc7 11. e4 b5 12. Bf4 Ba6 13. a3 b4 14. axb4 cxb4 15. Ne2
Bxd3 16. Qxd3 Nh5 17. Bh2 a5 18. Ned4 Qf6 19. Rfc1 Na6 20. e5 dxe5 21. Bxe5 Qd8
22. Nc6 Qb6 23. Rxa5 1-0

[Event "Sunway Sitges Open 2017"]
[Site "Sitges ESP"]
[Date "2017.12.18"]
[Round "4.27"]
[White "Seyb, Alexander"]
[Black "Soham, Das"]
[Result "1/2-1/2"]
[WhiteTitle "IM"]
[WhiteElo "2411"]
[BlackElo "2263"]
[WhiteFideId "4699033"]
[BlackFideId "35026763"]
[EventDate "2017.12.15"]

1. e4 c5 2. Nf3 d6 3. d4 cxd4 4. Nxd4 Nf6 5. Nc3 a6 6. f3 e5 7. Nb3 Be6 8. Be3
Be7 9. Qd2 O-O 10. O-O-O a5 11. a4 Nc6 12. g4 Nb4 13. Kb1 Rc8 14. g5 Nh5 15. Rg1
g6 16. Qf2 d5 17. exd5 Rxc3 18. bxc3 Nxd5 19. Kb2 Qc7 20. Rxd5 Bxd5 21. Bb6 Qd6 1/2-1/2

[Event "Sunway Sitges Open 2017"]
[Site "Sitges ESP"]
[Date "2017.12.18"]
[Round "4.28"]
[White "Chalmeta Ugas, Ramon"]
[Black "Raghunandan, Kaumandur Srihari"]
[Result "0-1"]
[WhiteTitle "FM"]
[BlackTitle "IM"]
[WhiteElo "2285"]
[BlackElo "2404"]
[WhiteFideId "2256339"]
[BlackFideId "25004964"]
[EventDate "2017.12.15"]

1. e4 g6 2. d4 Bg7 3. Nc3 d6 4. Be3 a6 5. Qd2 Nd7 6. Nf3 b5 7. a3 Ngf6 8. Bh6
Bxh6 9. Qxh6 c5 10. dxc5 Nxc5 11. e5 dxe5 12. Nxe5 Qd4 13. Qe3 Qxe3+ 14. fxe3
Bb7 15. a4 b4 16. Ne2 Nd5 17. Nc4 O-O-O 18. Nc1 Kb8 19. Nd3 Rc8 20. Nxc5 Rxc5
21. b3 Nc3 22. Kf2 Be4 23. Bd3 Rf5+ 24. Kg3 Rd8 25. Rhf1 Bxd3 26. cxd3 Rxd3 27.
Rxf5 gxf5 28. Kf3 Nd5 29. Rb1 Rc3 30. g3 Kc7 31. h4 e5 32. Rd1 e4+ 33. Ke2 Rc2+
34. Ke1 Nc3 35. Rd4 Ne2 36. Rd5 Nxg3 37. Rc5+ Kb8 38. Rc6 f4 39. Kd1 Rc3 40.
exf4 e3 41. Ne5 Rxb3 42. Rb6+ Kc7 43. Rc6+ Kb7 44. Rc1 f6 45. Nc4 e2+ 46. Ke1
Rf3 47. Nd6+ Kb6 48. Nc4+ Ka7 0-1

[Event "Sunway Sitges Open 2017"]
[Site "Sitges ESP"]
[Date "2017.12.18"]
[Round "4.29"]
[White "Munguntuul, Batkhuyag"]
[Black "Zherebtsova, Alexandra"]
[Result "1/2-1/2"]
[WhiteTitle "IM"]
[BlackTitle "WFM"]
[WhiteElo "2397"]
[BlackElo "2243"]
[WhiteFideId "4900758"]
[BlackFideId "24129518"]
[EventDate "2017.12.15"]

1. e4 e5 2. Nf3 Nc6 3. Bb5 a6 4. Ba4 Nf6 5. O-O Be7 6. Qe2 b5 7. Bb3 O-O 8. c3
d5 9. d3 Bb7 10. Nbd2 Re8 11. Re1 h6 12. a3 Qd7 13. Nf1 Bf8 14. Ng3 Rad8 15. h3
dxe4 16. dxe4 Na5 17. Bc2 Qe6 18. Nd2 c5 19. b4 Nc6 20. Nf3 Ne7 21. Nh4 Nc8 22.
Nhf5 Nb6 23. Rb1 Nc4 24. Bb3 cxb4 25. axb4 Rc8 26. Qf3 Qc6 27. Ra1 Red8 28. Ra2
Rc7 29. Rae2 Rcd7 30. Bc2 Nd2 31. Qe3 Nc4 32. Qf3 Nd2 33. Qe3 Nc4 34. Qf3 Nd2
35. Qe3 1/2-1/2

[Event "Sunway Sitges Open 2017"]
[Site "Sitges ESP"]
[Date "2017.12.18"]
[Round "4.30"]
[White "Larsen, Karsten"]
[Black "Valenzuela Gomez, Fernando"]
[Result "1-0"]
[WhiteTitle "FM"]
[BlackTitle "FM"]
[WhiteElo "2224"]
[BlackElo "2385"]
[WhiteFideId "1404288"]
[BlackFideId "3409392"]
[EventDate "2017.12.15"]

1. e4 g6 2. d4 Bg7 3. Nc3 d6 4. Nf3 a6 5. a4 b6 6. Be3 e6 7. Qd2 h6 8. Bd3 Nd7
9. O-O Ne7 10. Rfe1 Bb7 11. Rad1 Kf8 12. Qe2 Kg8 13. e5 d5 14. Nb1 c5 15. c3 Bc6
16. b3 c4 17. bxc4 Bxa4 18. Rc1 dxc4 19. Bxc4 Qc8 20. Nbd2 Bc6 21. Bd3 Qb7 22.
Bf4 Nd5 23. Bg3 b5 24. Ne4 N7b6 25. h4 Nc8 26. h5 g5 27. Nh2 Nce7 28. Nd6 Qd7
29. Qg4 Nc8 30. Ne4 Kf8 31. f4 gxf4 32. Bxf4 Nce7 33. Nc5 Qc8 34. Bd2 Rg8 35.
Bh7 Rh8 36. Be4 Nf5 37. Qh3 Rg8 38. Rf1 Nde7 39. Rce1 Bh8 40. g4 b4 41. Kh1 bxc3
42. Bxc3 Nd5 43. gxf5 Nxc3 44. Qxc3 exf5 45. Bxc6 Qxc6+ 46. Qf3 Qxf3+ 47. Rxf3
Rg5 48. Ref1 Rxh5 49. Rxf5 Rxf5 50. Rxf5 Ke7 51. Ng4 Rd8 52. Rf4 Bg7 53. Nxa6 h5
54. Ne3 Bf8 55. Nb4 Ke8 56. Nc6 Rd7 57. Re4 Rc7 58. d5 Bh6 59. Nf5 1-0

[Event "Sunway Sitges Open 2017"]
[Site "Sitges ESP"]
[Date "2017.12.18"]
[Round "4.31"]
[White "Pajeken, Wolfgang"]
[Black "Perez Mitjans, Orelvis"]
[Result "1/2-1/2"]
[WhiteTitle "FM"]
[BlackTitle "GM"]
[WhiteElo "2204"]
[BlackElo "2381"]
[WhiteFideId "4622170"]
[BlackFideId "3502856"]
[EventDate "2017.12.15"]

1. Nf3 g6 2. c4 Bg7 3. d4 Nf6 4. Nc3 O-O 5. e4 d6 6. Be2 Na6 7. Bg5 c5 8. d5 Nc7
9. O-O a6 10. a4 Rb8 11. a5 Bg4 12. Re1 Nd7 13. h3 Bxf3 14. Bxf3 b5 15. axb6
Rxb6 16. Na4 Rb4 17. Qc2 Nb6 18. Nxb6 Rxb2 19. Qa4 Rxb6 20. Rab1 Na8 21. Rxb6
Nxb6 22. Qxa6 Nd7 23. Rb1 h6 24. Be3 Ne5 25. Be2 g5 26. g3 Qa8 27. Rb6 Qxa6 28.
Rxa6 Rb8 29. f4 Ng6 30. e5 gxf4 31. gxf4 dxe5 32. fxe5 Bxe5 33. Bxc5 Rb2 34. Bg4
h5 35. Bf5 Nf4 36. Kf1 Kg7 37. Be3 Rb3 38. Kf2 Rc3 39. Rc6 Ra3 40. Bxf4 Bxf4 41.
Ke2 Re3+ 42. Kf2 h4 43. Ra6 Rc3 44. Rc6 Rg3 45. Ke2 Re3+ 46. Kf2 Rc3 47. Ke2 Rg3
48. Ra6 Re3+ 49. Kf2 Rc3 50. Rc6 f6 51. Re6 Bd6 52. Re4 Kh6 53. Bd7 Kh5 54. Be8+
Kg5 55. Rg4+ Kh6 56. Rxh4+ Kg7 57. Rg4+ Kh8 58. Bd7 Rxh3 59. Rg8+ Kxg8 60. Bxh3
Kg7 1/2-1/2

[Event "Sunway Sitges Open 2017"]
[Site "Sitges ESP"]
[Date "2017.12.18"]
[Round "4.32"]
[White "Shah, Rishab"]
[Black "Trepat Herranz, Joan"]
[Result "1/2-1/2"]
[BlackTitle "FM"]
[WhiteElo "1973"]
[BlackElo "2376"]
[WhiteFideId "35033174"]
[BlackFideId "2257459"]
[EventDate "2017.12.15"]

1. e4 d6 2. d4 Nf6 3. Nc3 g6 4. Be3 c6 5. Qd2 Nbd7 6. O-O-O b5 7. f3 Qa5 8. Kb1
b4 9. Nce2 Bg7 10. h4 h5 11. Nh3 Rb8 12. Nc1 Qc7 13. Nf2 c5 14. dxc5 dxc5 15.
Bf4 e5 16. Bg5 Rb6 17. Bc4 Ba6 18. Qe2 Bxc4 19. Qxc4 Rc6 20. Nb3 O-O 21. Bxf6
Bxf6 22. Na5 Nb6 23. Qe2 Re6 24. Nc4 Qc6 25. Rd2 Qb5 26. Nxb6 Qxe2 27. Rxe2 axb6
28. Nd1 Ra8 29. c4 Rd6 30. Ne3 Rd4 31. b3 Re8 32. g3 Bd8 33. Rhe1 Kg7 34. Nd5
Rd3 35. Re3 Rd2 36. R3e2 Rd3 37. Re3 Rd2 38. R3e2 Rf8 1/2-1/2

[Event "Sunway Sitges Open 2017"]
[Site "Sitges ESP"]
[Date "2017.12.18"]
[Round "4.33"]
[White "Tarun, V Kanth"]
[Black "Bjerre, Jonas Buhl"]
[Result "1/2-1/2"]
[BlackTitle "FM"]
[WhiteElo "1967"]
[BlackElo "2365"]
[WhiteFideId "25012185"]
[BlackFideId "1444948"]
[EventDate "2017.12.15"]

1. d4 Nf6 2. c4 e6 3. Nc3 Bb4 4. f3 d5 5. a3 Bxc3+ 6. bxc3 c5 7. cxd5 Nxd5 8.
dxc5 f5 9. Qc2 Nd7 10. e4 fxe4 11. fxe4 N5f6 12. Bg5 Qa5 13. Bd3 O-O 14. Nf3
Qxc5 15. Rb1 a6 16. Qd2 Ng4 17. h3 Nge5 18. Be2 Nxf3+ 19. gxf3 Ne5 20. Be3 Qxa3
21. Kf2 Qe7 22. Bg5 Qf7 23. Qe3 b5 24. Rbg1 Kh8 25. h4 Ra7 26. h5 Rd7 27. h6 g6
28. Rh4 Kg8 29. Rf4 Qe8 30. Bf6 Nc6 31. Bg7 Rxf4 32. Qxf4 e5 33. Qf6 Rf7 34. Qd6
Qe6 35. Qc5 1/2-1/2

[Event "Sunway Sitges Open 2017"]
[Site "Sitges ESP"]
[Date "2017.12.19"]
[Round "5.1"]
[White "Shankland, Samuel"]
[Black "Melkumyan, Hrant"]
[Result "1/2-1/2"]
[WhiteTitle "GM"]
[BlackTitle "GM"]
[WhiteElo "2662"]
[BlackElo "2633"]
[WhiteFideId "2004887"]
[BlackFideId "13302485"]
[EventDate "2017.12.15"]

1. e4 e5 2. Nf3 Nf6 3. Nc3 Nc6 4. d4 exd4 5. Nxd4 Bb4 6. Nxc6 bxc6 7. Bd3 d5 8.
exd5 O-O 9. O-O cxd5 10. h3 c6 11. Qf3 Re8 12. Bg5 h6 13. Bxf6 1/2-1/2

[Event "Sunway Sitges Open 2017"]
[Site "Sitges ESP"]
[Date "2017.12.19"]
[Round "5.2"]
[White "Dann, Matthias"]
[Black "Kozul, Zdenko"]
[Result "1-0"]
[WhiteTitle "IM"]
[BlackTitle "GM"]
[WhiteElo "2517"]
[BlackElo "2607"]
[WhiteFideId "24638056"]
[BlackFideId "14502879"]
[EventDate "2017.12.15"]

1. e4 c5 2. Nf3 Nc6 3. d4 cxd4 4. Nxd4 Qb6 5. Nb3 Nf6 6. Nc3 e6 7. Qe2 Bb4 8.
Bd2 O-O 9. a3 Bxc3 10. Bxc3 e5 11. O-O-O Rd8 12. Rd6 Qc7 13. Rxf6 gxf6 14. Qg4+
Kh8 15. Qh4 Qd6 16. f4 Qe7 17. Bb5 Rg8 18. Bxc6 bxc6 19. Bxe5 Rg6 20. Bc3 Kg8
21. f5 Rg5 22. Re1 Ba6 23. g3 h5 24. h3 Re8 25. Qf4 d6 26. Na5 c5 27. b3 Kh7 28.
g4 Rgg8 29. Nc6 Qd7 30. Bd2 Rh8 31. gxh5 1-0

[Event "Sunway Sitges Open 2017"]
[Site "Sitges ESP"]
[Date "2017.12.19"]
[Round "5.4"]
[White "Saduakassova, Dinara"]
[Black "Aravindh, Chithambaram VR."]
[Result "0-1"]
[WhiteTitle "IM"]
[BlackTitle "GM"]
[WhiteElo "2460"]
[BlackElo "2586"]
[WhiteFideId "13700090"]
[BlackFideId "5072786"]
[EventDate "2017.12.15"]

1. d4 d5 2. c4 e6 3. Nf3 Nf6 4. g3 dxc4 5. Bg2 a6 6. O-O Nc6 7. e3 Bd7 8. Qe2
Bd6 9. Qxc4 O-O 10. Nbd2 e5 11. dxe5 Nxe5 12. Nxe5 Bxe5 13. Qc2 Bb5 14. Nc4 Qe7
15. a4 Bxc4 16. Qxc4 c6 17. Bd2 Rfd8 18. Bb4 Qc7 19. f4 Bd6 20. Bc3 Qe7 21. Kh1
Ng4 22. Qd4 Qf8 23. Qb6 Rd7 24. Qd4 Rdd8 25. Qb6 Rab8 26. Rad1 Bc5 27. Rxd8 Bxb6
28. Rxf8+ Kxf8 29. Bf3 Nxe3 30. Rc1 Rd8 31. b4 Nd5 32. Be1 Nc7 33. Kg2 f6 34. h4
Kf7 35. Be4 g6 36. h5 f5 37. Bf3 Rd7 38. Bc3 Bd4 39. Rd1 Ne6 40. Be1 Ke7 41. Rb1
Kd6 42. Bd2 Nc7 43. hxg6 hxg6 44. Rh1 Ke6 45. g4 Nd5 46. b5 axb5 47. axb5 c5 48.
Rh6 Ne7 49. Be2 Kf7 50. Rh7+ Kg8 51. Rh3 Kg7 52. Kf1 Nc8 53. Ke1 Nd6 54. gxf5
gxf5 55. Bc1 Re7 56. Kf1 b6 57. Ra3 Kf6 58. Bf3 Rg7 59. Bg2 Ne4 60. Ra6 c4 61.
Ra4 Rc7 62. Ra8 Re7 63. Bf3 Ng3+ 64. Kg2 Ne2 65. Rf8+ Kg7 66. Ba3 Nxf4+ 67. Kg3
Kxf8 68. Bxe7+ Kxe7 69. Kxf4 Ke6 70. Be2 Be5+ 71. Kg5 c3 72. Bd1 Bh2 73. Bc2 Ke5
74. Bxf5 Kd4 75. Kf6 Ke3 0-1

[Event "Sunway Sitges Open 2017"]
[Site "Sitges ESP"]
[Date "2017.12.19"]
[Round "5.5"]
[White "Liang, Awonder"]
[Black "Narciso Dublan, Marc"]
[Result "1-0"]
[WhiteTitle "GM"]
[BlackTitle "GM"]
[WhiteElo "2573"]
[BlackElo "2456"]
[WhiteFideId "2056437"]
[BlackFideId "2201500"]
[EventDate "2017.12.15"]

1. e4 c6 2. Nc3 d5 3. Nf3 Bg4 4. h3 Bxf3 5. Qxf3 Nf6 6. d3 e6 7. Bd2 Qb6 8.
O-O-O Bb4 9. a3 Bxc3 10. Bxc3 d4 11. Bd2 Nbd7 12. h4 O-O-O 13. g4 Nc5 14. b3
Rhf8 15. g5 Ne8 16. Qe2 Nd6 17. Qe1 Qc7 18. f4 Nb5 19. Kb2 Qe7 20. Ra1 Nd7 21.
Bh3 Kb8 22. a4 Nc7 23. Qg3 c5 24. Rhf1 f6 25. gxf6 gxf6 26. Rg1 Ka8 27. Qg7 Rf7
28. Qh6 Na6 29. Bg4 Rg7 30. Bh3 Rxg1 31. Rxg1 c4 32. dxc4 d3 33. Bc3 Nac5 34.
cxd3 Nxd3+ 35. Ka2 Qc5 36. Rd1 Qe3 37. Bxe6 Nb8 38. Bd5 Na6 39. Qxf6 Nab4+ 40.
Bxb4 Nxb4+ 41. Ka3 Nc6 42. Bxc6 Qc5+ 43. Ka2 Qf2+ 44. Ka3 Qc5+ 45. Ka2 Qf2+ 46.
Qb2 Qxb2+ 47. Kxb2 Rxd1 48. Bd5 Rh1 49. Kc3 Rxh4 50. f5 Kb8 51. Kd4 Kc7 52. Ke5
h5 53. Kf6 Rf4 54. Ke7 h4 55. f6 h3 56. f7 h2 57. e5 Rf5 58. f8=Q Rxe5+ 59. Be6
h1=Q 60. Qd8+ 1-0

[Event "Sunway Sitges Open 2017"]
[Site "Sitges ESP"]
[Date "2017.12.19"]
[Round "5.6"]
[White "Motylev, Alexander"]
[Black "Karthik, Venkataraman"]
[Result "1-0"]
[WhiteTitle "GM"]
[BlackTitle "FM"]
[WhiteElo "2675"]
[BlackElo "2475"]
[WhiteFideId "4121830"]
[BlackFideId "25006479"]
[EventDate "2017.12.15"]

1. e4 c5 2. Nf3 d6 3. d4 cxd4 4. Nxd4 Nf6 5. Nc3 a6 6. h3 e5 7. Nde2 h5 8. g3
Be7 9. Bg2 Nbd7 10. a4 b6 11. O-O Bb7 12. Be3 O-O 13. Nc1 Rc8 14. Qe2 Qc7 15.
Nd3 Rfe8 16. Rfd1 Qc4 17. Bg5 b5 18. axb5 axb5 19. Bd2 d5 20. b3 Qd4 21. exd5 e4
22. Nxe4 Rxc2 23. Nxf6+ Nxf6 24. Qe3 Qxe3 25. Bxe3 Bxd5 26. Ne1 Bxg2 27. Nxc2
Bxh3 28. Ra5 b4 29. Nd4 Rd8 30. Rda1 Kh7 31. Nc6 Rd7 32. Ne5 Rc7 33. Nxf7 Bg4
34. f3 Bd7 35. Rc1 Rc3 36. Rxc3 bxc3 37. Ne5 Bb4 38. Ra7 Bf5 39. Nc6 Bd6 40. Nd4
Bd7 41. Kf2 Kg6 42. Ra6 Bf8 43. Ne2 Bb4 44. Nf4+ Kh7 45. Rxf6 1-0

[Event "Sunway Sitges Open 2017"]
[Site "Sitges ESP"]
[Date "2017.12.19"]
[Round "5.7"]
[White "Salem, A.R. Saleh"]
[Black "Sosa, Tomas ARG"]
[Result "1-0"]
[WhiteTitle "GM"]
[BlackTitle "IM"]
[WhiteElo "2638"]
[BlackElo "2460"]
[WhiteFideId "9301348"]
[BlackFideId "121576"]
[EventDate "2017.12.15"]

1. d4 d5 2. c4 e6 3. Nc3 Bb4 4. Nf3 Nf6 5. g3 dxc4 6. Bg2 O-O 7. O-O Nbd7 8. Qc2
Rb8 9. e4 h6 10. a3 Be7 11. Bf4 b5 12. Rad1 Bb7 13. d5 Nh5 14. dxe6 fxe6 15. Be3
a6 16. Bh3 Rxf3 17. Bxe6+ Kh8 18. Rxd7 Qe8 19. Qe2 Rxe3 20. Qxe3 Nf6 21. Rd2
Bxa3 22. bxa3 Qxe6 23. Qa7 Qe8 24. f3 Kh7 25. Rfd1 Qf8 26. Kg2 c5 27. Rd6 b4 28.
Rxf6 gxf6 29. Nd5 Kh8 30. Nxf6 Rd8 31. e5 Re8 32. Qxb7 Re7 33. Rd7 1-0

[Event "Sunway Sitges Open 2017"]
[Site "Sitges ESP"]
[Date "2017.12.19"]
[Round "5.8"]
[White "Zubov, Alexander"]
[Black "Bilguun, Sumiya"]
[Result "1/2-1/2"]
[WhiteTitle "GM"]
[BlackTitle "IM"]
[WhiteElo "2626"]
[BlackElo "2459"]
[WhiteFideId "14109409"]
[BlackFideId "4901541"]
[EventDate "2017.12.15"]

1. e4 c5 2. Nf3 e6 3. g3 Nc6 4. Bg2 Nf6 5. Qe2 d6 6. O-O Be7 7. c3 e5 8. a3 O-O
9. b4 a6 10. Bb2 Re8 11. d3 Bf8 12. Nbd2 Rb8 13. Nc4 b5 14. Ne3 a5 15. bxc5 dxc5
16. a4 b4 17. Nd2 Be6 18. Ndc4 Qc7 19. Nd5 Qd8 20. Qf3 Rb7 21. Nce3 Nd7 22. Nc4
Nf6 23. Nce3 Nd7 24. Nc4 1/2-1/2

[Event "Sunway Sitges Open 2017"]
[Site "Sitges ESP"]
[Date "2017.12.19"]
[Round "5.9"]
[White "Romanishin, Oleg M"]
[Black "Edouard, Romain"]
[Result "0-1"]
[WhiteTitle "GM"]
[BlackTitle "GM"]
[WhiteElo "2458"]
[BlackElo "2621"]
[WhiteFideId "14100088"]
[BlackFideId "633429"]
[EventDate "2017.12.15"]

1. d4 Nf6 2. Nf3 e6 3. g3 c5 4. Bg2 cxd4 5. Nxd4 d5 6. O-O e5 7. Nb3 Be6 8. Nc3
Be7 9. f4 exf4 10. gxf4 g6 11. Kh1 Nc6 12. Be3 O-O 13. Nd4 Rc8 14. Bg1 Nxd4 15.
Bxd4 Bc5 16. Bxf6 Qxf6 17. Nxd5 Qxb2 18. c4 Rfd8 19. e4 b5 20. cxb5 Bxd5 21.
exd5 Bd6 22. a4 Rc4 23. Rb1 Qf6 24. a5 Rxf4 25. Qg4 Rxf1+ 26. Rxf1 Qe5 27. Qh3
Rb8 28. Rb1 Qd4 29. Qf3 Rb7 30. Qe4 Qc3 31. a6 Re7 32. Qf3 Re3 33. Qf2 Qe5 34.
Qg1 Re4 35. Rf1 Rh4 36. h3 Qg3 37. Rf3 Rxh3+ 38. Bxh3 Qxf3+ 39. Qg2 Qd1+ 40. Qf1
Qxd5+ 0-1

[Event "Sunway Sitges Open 2017"]
[Site "Sitges ESP"]
[Date "2017.12.19"]
[Round "5.10"]
[White "Sokolov, Ivan"]
[Black "Starostits, Ilmars"]
[Result "1-0"]
[WhiteTitle "GM"]
[BlackTitle "GM"]
[WhiteElo "2589"]
[BlackElo "2427"]
[WhiteFideId "14400030"]
[BlackFideId "11600748"]
[EventDate "2017.12.15"]

1. d4 Nf6 2. c4 g6 3. Nc3 d5 4. cxd5 Nxd5 5. Bd2 Nb6 6. Nf3 Bg7 7. Qc1 Nc6 8.
Bh6 O-O 9. Bxg7 Kxg7 10. e3 e5 11. Nxe5 Nxe5 12. dxe5 Qe7 13. f4 Bg4 14. Bd3
Rad8 15. Qc2 Qc5 16. Kf2 Bf5 17. Ne4 Qxc2+ 18. Bxc2 Nc4 19. Rhc1 Nxb2 20. Rab1
Nd3+ 21. Bxd3 Rxd3 22. Kf3 b6 23. Rxc7 Ra3 24. Rb2 Be6 25. Nd6 Bxa2 26. g4 Kg8
27. f5 h6 28. Kf2 h5 29. h3 Bd5 30. Rd2 Ra5 31. Kg3 Bb3 32. Kf4 g5+ 33. Kxg5
Rxe5 34. Kf4 f6 35. Rxa7 Rd8 36. e4 hxg4 37. hxg4 Bd5 38. Rxd5 Rxd5 39. exd5
Rxd6 40. Ke4 Kf8 41. g5 fxg5 42. Ke5 Rd8 43. d6 g4 44. Ke6 g3 45. d7 g2 46. Ra1 1-0

[Event "Sunway Sitges Open 2017"]
[Site "Sitges ESP"]
[Date "2017.12.19"]
[Round "5.11"]
[White "Petrov, Nikita"]
[Black "Krishna, C R G"]
[Result "1-0"]
[WhiteTitle "IM"]
[BlackTitle "IM"]
[WhiteElo "2574"]
[BlackElo "2421"]
[WhiteFideId "4101286"]
[BlackFideId "5018625"]
[EventDate "2017.12.15"]

1. Nf3 f5 2. d3 d6 3. e4 e5 4. Nc3 Nc6 5. exf5 Bxf5 6. d4 Nxd4 7. Nxd4 exd4 8.
Qxd4 c6 9. g4 Bxc2 10. Bg2 Qb6 11. Qc4 Qc5 12. Qe2+ Qe5 13. Be3 Bg6 14. f4 Qe7
15. O-O O-O-O 16. Rac1 Nf6 17. g5 Re8 18. Rfe1 Ne4 19. Bxa7 Nxc3 20. Bh3+ Kc7
21. Qf2 Nd5 22. Rxe7+ Bxe7 23. Be6 Be4 24. Rc4 1-0